000 00496nam a2200157 i 4500
001 71405
003 ES-MaACL
005 20230906171124.0
007 t|
008 040810m19001910fr ||||1| fre d
100 1 _aGeffroy, Gustave.
_956205
245 1 4 _aLes musées d'Europe
_b: Florence : le Ville, le Baptistère, la Cathédrale, le Campanile /
_cGustave Geffroy.
260 _aParís :
_bNilsson,
_c[19--?]
300 _aIV, 180 p., 50 lám. :
_bil. ;
_c27 cm.
852 _aES-MaACL
_jF-12937
999 _c71405
_d71405